Statistiche per Marvel: serie tv

Clicka qui per fare il quiz!

Statistiche generali

  • Questo quiz è stato fatto 163 volte
    (5 dall'ultimo reset)
  • Il punteggio medio è 12 su 24

Statistiche sulle risposte

AnnoRete di 1ª trasmissioneSerie TV% Corretto
2021Disney+WandaVision
100%
2013-2020ABCAgents of S.H.I.E.L.D
80%
2021Disney+Hawkeye
80%
2021-2023Disney+Loki
80%
2022Disney+Moon Knight
80%
2022Disney+She-Hulk: Attorney at Law
80%
2021Disney+The Falcon and the Winter Soldier
80%
2015-2018NetflixDaredevil
60%
2017-2018NetflixIron Fist
60%
2015-2019NetflixJessica Jones
60%
2022Disney+Ms. Marvel
60%
2017-2018NetflixThe Punisher
60%
2021-2023Disney+What if...?
60%
2024Disney+Echo
40%
2016-2018NetflixLuke Cage
40%
2017-2019HuluRunaways
40%
2023Disney+Secret Invasion
40%
2015-2016ABCAgent Carter
20%
2018-2019FreeformCloak & Dagger
20%
2022-2023Disney+I Am Groot
20%
2017ABCInhumans
20%
2022Disney+ (speciale)Licantropus
20%
2017NetflixThe Defenders
20%
2022Disney+ (speciale)The Guardians of the Galaxy
0%

Distribuzione punteggi

Percentile per numero di risposta

Percentuale di utenti per punteggio

I tuoi punteggi nel tempo

Non hai fatto questo quiz dall'ultimo reset